000
00302nam a22001097a 4500
008
230606b xxu||||| |||| 00| 0 eng d
082
_a
354.662619
_b
MOH
100
_c
Abdoulaye mohamadou
_d
June 2009
245
_a
decentralosed and local power in Niger
_b
Issue paper no.150
300
_a
24p
942
_2
ddc
_c
BK
999
_c
660
_d
660